| 000 | 00638nam a22001697a 4500 | ||
|---|---|---|---|
| 999 |
_c190755 _d190755 |
||
| 005 | 20220804110000.0 | ||
| 010 | _aENG-134255 | ||
| 020 | _c600.00 | ||
| 035 | _aEN-117787 | ||
| 037 | _bDBAD/PUB | ||
| 082 | _a306.60954 | ||
| 245 |
_aReligion and Culture In India Historical Perspective: _bProcedings Volume of the 45th Annual Conference At Tirpuati, 2008/ _cEdited by Chittabrata Palit |
||
| 260 |
_aKolkata _bDirector, Institute of Historical Studies _c2010 |
||
| 270 |
_aPuja Apartment, 1st floor, Flat No. 1C, 8/1, Loudon Street _bKolkata _e700017 |
||
| 300 |
_a341p. _c22cm(hb) |
||
| 942 |
_2ddc _cEN _h306.60954 _mREL |
||